000 00541nam a2200157 a 4500
001 000026703
005 20200930030350.0
008 110324s1960 dr 000 0 spa d
040 _aDO-SdBNP
_bspa
_cBNPHU
100 1 _aAbinader, José R.
_953815
245 1 0 _aBosquejo de un estudio económico /
_cJosé R. Abinader.
260 _aCiudad Trujillo, República Dominicana :
_bSecretaría de Estado de Finanza,
_c1960.
300 _a31 p. ;
_c22 cm.
710 2 _aRepública Dominicana
_bSecretaría de Estado de Finanza
_953816
049 _aBNPD
999 _c26195
_d26195